Normal view MARC view

Entry Topical Term

Number of records used in: 1

001 - CONTROL NUMBER

  • control field: 7688

003 - CONTROL NUMBER IDENTIFIER

  • control field: OSt

005 - DATE AND TIME OF LATEST TRANSACTION

  • control field: 20160408185345.0

008 - FIXED-LENGTH DATA ELEMENTS

  • fixed length control field: 160408|| aca||aabn | a|a d

040 ## - CATALOGING SOURCE

  • Original cataloging agency: OSt
  • Transcribing agency: OSt

150 ## - HEADING--TOPICAL TERM

  • Topical term or geographic name entry element: Environmentsl planning

670 ## - SOURCE DATA FOUND

  • Source citation: Work cat.: (OSt): Rydin, Yvonne 7687, Urban and environmental planning in the UK/, 1998